La obra de Isabel la Católica

Furkejuvvon:
Bibliográfalaš dieđut
Váldodahkki: Ballesteros Gaibrois, Manuel (Dahkki)
Materiálatiipa: Girji
Giella:espánnjágiella
Almmustuhtton: Segovia, España Diputación Provincial de Segovia 1953
Ráidu:Publicaciones Históricas. Monografías, 1
Fáttát:
Fáddágilkorat: Lasit fáddágilkoriid
Eai fáddágilkorat, Lasit vuosttaš fáddágilkora!

MARC

LEADER 00000nam a2200000 a 4500
001 UCO0925
003 CL-VaPUC
005 20200422123051.0
008 000428e19530000SP |||||||||||||||||spa|d
999 |c 287561  |d 287559 
040 |c Pontificia Universidad Católica de Valparaíso 
082 0 4 |a 946.03 BAL 1953  |2 21 
100 0 |a Ballesteros Gaibrois, Manuel  |e author  |9 442560 
245 1 3 |a La obra de Isabel la Católica 
260 |a Segovia, España  |b Diputación Provincial de Segovia  |c 1953 
300 |a volúmenes 
490 0 |a Publicaciones Históricas. Monografías,  |v  1 
583 |a last modification  |c 20120830 09:58:34  |k Rodrigo Vera 
600 0 7 |a ISABEL LA CATOLICA  |2 CL-VaPUC  |9 255280  |z ESPAÑA 
650 7 |a HISTORIA DE ESPAÑA  |2 CL-VaPUC  |9 442561  |y 1471-1501  |z CASTILLA 
650 7 |a HISTORIA DE ESPAÑA  |2 CL-VaPUC  |9 345321  |y SIGLO 15 
650 7 |a MONARQUIA ESPAÑOLA  |2 CL-VaPUC  |9 401397  |z CASTILLA 
852 |a BIBCUR 
942 |c BK  |2 ddc 
945 |d 20000428 00:00:00  |a rherrera 
952 |0 0  |1 0  |2 ddc  |4 0  |6 946_030000000000000_BAL_1953  |7 0  |8 A  |9 334469  |a BIBHIS  |b BIBHIS  |d 2019-11-20  |h v.2  |i 1268112  |o 946.03 BAL 1953  |p 1268112  |r 2025-01-20  |t 1  |w 2019-11-20  |y BK  |k HIS 
952 |0 0  |1 0  |2 ddc  |4 0  |6 946_030000000000000_BAL_1953  |7 0  |8 A  |9 334470  |a BIBHIS  |b BIBHIS  |d 2019-11-20  |h v.2  |i 1268120  |o 946.03 BAL 1953  |p 1268120  |r 2025-01-20  |t 2  |w 2019-11-20  |y BK  |k HIS